=LDR 00000nam 2200000 4500 =001 INLIS000000000011720 =005 20200504124555 =035 ##$$a 0010-061300000011720 =008 200504################g##########0#ind## =041 ##$$a Ind =082 ##$$a 2x3.541 =090 ##$$a 2x3.541, Jam l =100 ##$$a Jam'ah, Ahmad Khalid =245 1#$$a Lelaki yang di jamin Surga, /$c Ahmad Khalid Jam'ah; penerjemah, Kathur Suhardi;editor,Zulfikar =260 ##$$a Jakarta :$b Darul falah,$c 2003 =650 #4$$a Surga =850 ##$$a NBPNMAT =084 ##$$a 2x3.541 JAM l =250 ##$$a cet.1 =300 ##$$a xxii, 482 hlm., ; $c 14 x 23 cm =990 ##$$a 10400905 =990 ##$$a 10400906 =990 ##$$a 10400907 =990 ##$$a 10400908